| 000 | 00580nam a22001697a 4500 | ||
|---|---|---|---|
| 003 | PILC | ||
| 005 | 20250214135206.0 | ||
| 008 | 150605b xxu||||| |||| 00| 0 eng d | ||
| 050 |
_aTS 155 _b.F118 2009 |
||
| 100 | _aFabian, Sancho Paolo T. | ||
| 245 |
_aAutomated inventory system of maestar enterprises / _cFabian, Sancho Paolo T. |
||
| 260 |
_aLas PiƱas City : _bSISC, _c2009. |
||
| 300 |
_aviii, 48 pages : _billustrations ; _c28 cm. + _e1 CD. |
||
| 500 | _aIncludes bibliographical references and indexes. | ||
| 650 | _aInventory management systems. | ||
| 942 |
_2lcc _cTH _kLOC |
||
| 999 |
_c284750 _d284750 |
||